000 00426cam a2200169ua 4500
020 _c425.00
041 _aeng
_h
082 _a624.15
_bVAR/FO
100 _aVarghese, P.C .
245 _aFoundation engineering /
_cP.C.Varghese.
_hTextual Documents
260 _aNew Delhi :
_bPrentice Hall of India Pvt Ltd. ,
_c2007.
300 _a ; .
365 _a425.00
504 _a
942 _cBK
999 _c13440
_d13440